000 00986nam a2200265 i 4500
001 13747
003 ES-MaACL
005 20250801063015.0
007 t|
008 970915s1996 sp a |||| | spa j
020 _a84-87661-88-2
080 _a327(460:73)"17/18"
080 _a327(73:460)"17/18"
100 1 _aAllendesalazar, José Manuel
_920020
245 1 0 _aApuntes sobre la relación diplomática hispano-norteamericana, 1763-1895 /
_cJosé Manuel Allendesalazar.
260 _aMadrid :
_bMinisterio de Asuntos Exteriores, Secretaría General Técnica,
_c1996.
300 _a221 p. :
_bil. ;
_c25 cm.
490 1 _aBiblioteca diplomática española. Estudios ;
_v14
504 _aBibliografía. Índices.
651 4 _aEspaña-
_xRelaciones-
_zEstados Unidos
_98462
651 _aEstados Unidos-
_xRelaciones-
_zEspaña.
_9169150
830 0 0 _aBiblioteca diplomática española.
_pEstudios
_v14
_9179518
852 _aES-MaACL
_jL-21191
999 _c13747
_d13747